La belleza de ser cristiano. Los movimientos en la iglesia
Guardat en:
| Autor corporatiu: | |
|---|---|
| Format: | Llibre |
| Idioma: | espanyol |
| Publicat: |
Ciudad del Vaticano
Libreria Editrici Vaticana
2007
|
| Col·lecció: | Laicos Hoy
|
| Matèries: | |
| Etiquetes: |
Afegir etiqueta
Sense etiquetes, Sigues el primer a etiquetar aquest registre!
|
MARC
| LEADER | 00000nam a2200000 a 4500 | ||
|---|---|---|---|
| 001 | UCI3456 | ||
| 003 | CL-VaPUC | ||
| 005 | 20210424001432.0 | ||
| 008 | 071102e20070000vc 1 spa d | ||
| 020 | |a 9788820979515 | ||
| 082 | 0 | 4 | |a 261.1 |b CON |2 21 |
| 110 | 2 | |a Consejo Pontificio para los Laicos |e author |9 621080 | |
| 245 | 1 | 3 | |a La belleza de ser cristiano. Los movimientos en la iglesia |
| 260 | |a Ciudad del Vaticano |b Libreria Editrici Vaticana |c 2007 | ||
| 300 | |a 242 p | ||
| 490 | 0 | |a Laicos Hoy | |
| 583 | |a last modification |c 20190828 09:57:39 |k Rodrigo Vera | ||
| 650 | 0 | 7 | |a CRISTIANISMOS |2 CL-VaPUC |9 525723 |
| 650 | 0 | 0 | |a Laicos |9 255625 |
| 650 | 0 | 7 | |a MOVIMIENTOS RELIGIOSOS |2 CL-VaPUC |9 346572 |
| 942 | |c BK | ||
| 945 | |a rbrito |d 20071102 00:00:00 | ||
| 546 | |a En Español | ||
| 536 | |a Consejo Pontificio para los Laicos | ||
| 518 | |p Congreso mundial de los movimientos eclesiales y de las nuevas comunidades, 2, Rocca di Papa, 31 de mayo-2 de junio de 2006 | ||
| 999 | |c 384300 |d 384298 | ||
| 952 | |0 0 |1 0 |4 0 |6 261_100000000000000_CON_2007 |7 0 |8 A |9 506945 |a BIBTEO |b BIBTEO |d 2020-01-23 |i 4374584 |o 261.1 CON 2007 |p 4374584 |r 2025-01-17 |w 2020-01-23 |y BK |k ICR | ||